Normal view
MARC view
- PAKISTAN IDEOLOGY,PAKISTAN AND GOVERNMENT, PAKISTAN- HISTORY
Entry Topical Term
001 - CONTROL NUMBER
- control field: 60339
003 - CONTROL NUMBER IDENTIFIER
- control field: NUST
005 - DATE AND TIME OF LATEST TRANSACTION
- control field: 20210628202526.0
008 - FIXED-LENGTH DATA ELEMENTS
- fixed length control field: 210628|| aca||aabn | a|a d
040 ## - CATALOGING SOURCE
- Original cataloging agency: NUST
- Transcribing agency: NUST
150 ## - HEADING--TOPICAL TERM
- Topical term or geographic name entry element: PAKISTAN IDEOLOGY,PAKISTAN AND GOVERNMENT, PAKISTAN- HISTORY
670 ## - SOURCE DATA FOUND
- Source citation: Work cat.: (NUST): Sharif Al Mujahid 50894, Ideology of pakistan, 2001
